Diccionario de mediación: mediación familiar, mediación escolar, mediación juvenil, mediación comunitaria, mediación empresa familiar, textos legales y cuestiones prácticas

Na minha lista:
Detalhes bibliográficos
Main Authors: Sanjuán Sanz, Santiago (Author), Gomis Soler, Maite (Author)
Formato: Livro
Idioma:espanhol
Publicado em: Valencia APROMEC 2002
Valencia AJUMECO 2002
Edição:1a. ed
Assuntos:
Tags: Adicionar Tag
Sem tags, seja o primeiro a adicionar uma tag!

MARC

LEADER 00000nam a2200000 a 4500
001 UCK7313
003 CL-VaPUC
008 051118e20020000sp |||||||||||||||||spa|d
020 |a 8460750841 
082 0 4 |a 303.69  |b SAN  |2 21 
100 0 |a Sanjuán Sanz, Santiago  |e author  |9 496828 
700 0 |a Gomis Soler, Maite  |e author  |9 496829 
245 1 0 |a Diccionario de mediación: mediación familiar, mediación escolar, mediación juvenil, mediación comunitaria, mediación empresa familiar, textos legales y cuestiones prácticas 
250 |a 1a. ed 
300 |a 392 p 
942 |c BK 
945 |d 20051118 00:00:00  |a cmena 
260 |a Valencia  |b APROMEC  |c 2002 
260 |a Valencia  |b AJUMECO  |c 2002 
500 |a Incluye anexo: manual de uso y bibliografía 
650 0 |a Mediación  |9 338396 
650 0 |a Resolución de conflictos  |9 434922 
650 0 |a Negociación  |9 307187 
650 0 |a Diccionarios  |9 256200 
650 0 |a Glosarios  |9 261047 
583 |a last modification  |c 20171004 04:50:05  |k Rodrigo Vera 
999 |c 315312  |d 315310 
952 |0 0  |1 0  |4 0  |6 303_690000000000000_SAN_2002_2002  |7 0  |8 F  |9 388407  |a BIBDER  |b BIBDER  |d 2019-11-22  |i 4175603  |o 303.69 SAN 2002 2002  |p 4175603  |r 2023-01-25  |w 2019-11-22  |y BK_F  |k DER